000 00545nam a2200205Ia 4500
001 11396
003 GE_BSU
008 181216s||||||||xx |||||||||||||| ||und||
040 _cGE_BSU
080 _a634(075.8)
100 _aხომიზურაშვილი ნ.
245 _aმეხილეობა
245 _cრედ: ელ. ქაჯაია
260 _aთბილისი.
260 _bცოდნა
260 _c1963
300 _a255გვ.26სმ.
653 _aმეხილეობა
942 _cBK
999 _c44593
_d44593